Algébre /

Guardado en:
Autor Principal: Ballieu, Robert.
Otros Autores: Simonart, Fernand.
Formato: Libro
Idioma:French
Publicado: Louvain : Librarie universitaire, 1955.
Etiquetas: Agregar Etiqueta
Sin Etiquetas, Sea el primero en etiquetar este registro!
LEADER 00456nam a22001575a 4500
001 EUN.um010721
003 AR-BaUNS
005 20050623122854.0
008 041125s1955####be############000#0#fre#d
245 1 0 |a Algébre /  |c Robert Ballieu, Fernand Simonart. 
260 |a Louvain :  |b Librarie universitaire,  |c 1955. 
300 |a 355 p. 
100 1 |a Ballieu, Robert. 
700 1 |a Simonart, Fernand. 
082 0 4 |a 512 
859 |a Ar-BaUNS  |b BIB. CENTRAL - Sector C  |h 512  |i B214  |p 3127/958